[Event "Challenge"]
[Site "http://www.queenalice.com/game.php?id=152822"]
[Date "2007.1.11"]
[Round "-"]
[White "technicaldraw"]
[Black "maiasegala"]
[Result "1-0"]
[WhiteElo "1685"]
[BlackElo "1717"]

1. e4 e5 2. Nf3 Qf6 3. Bc4 Bc5 4. d3 g5 5. Bxg5 Qb6 6. O-O f6 7. Bd2 Qxb2 8. Bc3
Qb6 9. Nxe5 d6 10. Qh5+ Kf8 11. Qf7# 1-0

[Event "Denovo"]
[Site "http://www.queenalice.com/game.php?id=152866"]
[Date "2007.1.11"]
[Round "-"]
[White "Russo"]
[Black "maiasegala"]
[Result "0-1"]
[WhiteElo "1079"]
[BlackElo "1630"]

1. e4 e5 2. Bc4 Qh4 3. Bxf7+ Kxf7 4. Nf3 Qf6 5. b4 Bxb4 6. Bb2 Bc5 7. Nxe5+ Qxe5
8. Bxe5 d6 9. Bc3 Nf6 10. Ba5 b6 11. Bc3 Nxe4 12. Bxg7 Kxg7 13. Qh5 Bb4 14. Kd1
Ba6 15. Qh4 Rf8 16. f4 Nc6 17. g4 Rxf4 18. Qg5+ Nxg5 19. Re1 Ne5 20. h4 Ngf3 21.
g5 Nxe1 22. Kc1 Rf1 23. Kb2 Bc4 24. h5 N1f3 25. h6+ Kg6 26. d4 Nc6 27. d5 Ncd4
28. c3 Rf2+ 29. Kc1 Re8 30. cxb4 Re1# 0-1

[Event "Challenge "]
[Site "http://www.queenalice.com/game.php?id=152962"]
[Date "2007.1.11"]
[Round "-"]
[White "maiasegala"]
[Black "Imazava"]
[Result "1-0"]
[WhiteElo "1630"]
[BlackElo "1380"]

1. e4 e5 2. Qh5 g6 3. Qf3 Nf6 4. Bc4 d6 5. d3 Nc6 6. Bg5 Nd4 7. Qd1 Bg4 8. f3
Bh5 9. g4 h6 10. Bh4 g5 11. Bf2 Bg6 12. Qd2 c5 13. c3 Nxf3+ 14. Nxf3 Nxg4 15. d4
cxd4 16. cxd4 exd4 17. Qxd4 f6 18. Rg1 h5 19. h3 Nxf2 20. Kxf2 g4 21. hxg4 hxg4
22. Rxg4 Rh1 23. Rxg6 Qc8 24. Bb5+ Kf7 25. Qxf6# 1-0

[Event "Challenge"]
[Site "http://www.queenalice.com/game.php?id=153523"]
[Date "2007.1.13"]
[Round "-"]
[White "Wagninho"]
[Black "maiasegala"]
[Result "0-1"]
[WhiteElo "900"]
[BlackElo "1647"]

1. f4 e6 2. h4 Bc5 3. e3 Qf6 4. g3 e5 5. g4 exf4 6. exf4 Qxf4 7. Qe2+ Ne7 8.
Qxe7+ Bxe7 9. Kd1 d5 10. Be2 Bxg4 11. Nf3 Bxf3 12. Rh3 Bg2 13. Ke1 Bxh3 14. Kd1
Qf2 15. d4 Qg1+ 16. Kd2 Bb4+ 17. Kd3 Qxc1 18. c3 Bf5# 0-1

[Event "Challenge"]
[Site "http://www.queenalice.com/game.php?id=154530"]
[Date "2007.1.16"]
[Round "-"]
[White "Wagninho"]
[Black "maiasegala"]
[Result "0-1"]
[WhiteElo "863"]
[BlackElo "1647"]

1. c4 e5 2. d3 Qh4 3. Bd2 Bc5 4. Bc3 Qxf2+ 5. Kd2 d6 6. Qe1 Qe3+ 7. Kd1 Bd7 8.
Ba5 Ba4+ 9. b3 Bc6 10. Nd2 Qd4 11. Rc1 Qb2 12. Bc3 Qxa2 13. Qh4 Be3 14. Ke1 g5
15. Qh5 Bxd2+ 16. Kf2 Bxc1 17. Ke1 Qxb3 18. Kf2 Qxc3 19. Qh4 gxh4 20. g3 Bxh1
21. gxh4 Qd4+ 22. e3 Qxe3# 0-1

[Event "Challenge"]
[Site "http://www.queenalice.com/game.php?id=155803"]
[Date "2007.1.18"]
[Round "-"]
[White "pinga"]
[Black "maiasegala"]
[Result "1/2-1/2"]
[WhiteElo "1304"]
[BlackElo "1594"]

1. b3 e5 2. d3 Qh4 3. Kd2 Bb4+ 4. c3 Ba5 5. g3 Qf6 6. Bh3 Qxf2 7. g4 d6 8. g5
Bf5 9. b4 Bb6 10. b5 Qe3+ 11. Kc2 Qf2 12. Nf3 Bxh3 13. Ba3 Bg2 14. Re1 a6 15. c4
axb5 16. cxb5 Qc5+ 17. Bxc5 Bxc5 18. Rg1 Bh3 19. Nc3 Ra3 20. Qc1 h6 21. Nd5 c6
22. Nc7+ Kd8 23. Nd2 Kxc7 24. Nb3 Bf2 25. Rf1 Bc5 26. Rxf7+ Nd7 27. Rf3 Bg4 28.
Rf7 Ra8 29. Rxg7 Ba3 30. Qe1 hxg5 31. Rxg5 Be6 32. Qc3 Rxh2 33. d4 Rxe2+ 34. Kd1
Bb2 35. Qd3 Rf2 36. Rb1 Rf1+ 37. Qxf1 Nh6 38. Rxb2 exd4 39. Nxd4 Bf7 40. Rc2 Ra4
41. bxc6 Rxd4+ 42. Rd2 Rd5 43. Qc4 Rxg5 44. Qc3 bxc6 45. Rc2 Rd5+ 46. Kc1 Rc5
47. Qh3 Nf5 48. Qh7 Bxa2 49. Qh2 Ne3 50. Rxc5 Nxc5 51. Qxa2 d5 52. Qa5+ Kd6 53.
Qd8+ Nd7 54. Qe8 d4 55. Qe4 Kc5 56. Qe6 Nf8 57. Qe7+ Kb6 58. Qxf8 d3 59. Qd8+
Kc5 60. Qxd3 Nc4 61. Qf5+ Kb6 62. Qb1+ Kc5 63. Qb3 Kd5 64. Kd1 Kd4 65. Qa4 c5
1/2-1/2

[Event "Challenge"]
[Site "http://www.queenalice.com/game.php?id=158686"]
[Date "2007.1.24"]
[Round "-"]
[White "Wagninho"]
[Black "maiasegala"]
[Result "0-1"]
[WhiteElo "845"]
[BlackElo "1574"]

1. e4 e5 2. Qh5 g6 3. Qe2 Qh4 4. h3 Bc5 5. g3 Qf6 6. h4 d6 7. Na3 h5 8. Nb5 Bg4
9. f3 Bd7 10. Nxc7+ Kd8 11. Nxa8 g5 12. Qc4 b5 13. Qd3 Bc6 14. hxg5 Qxg5 15. b4
Qxg3+ 16. Kd1 Bd4 17. Ne2 Qf2 18. Nxd4 exd4 19. Be2 Bxa8 20. Qxd4 Qxd4 21. Bxb5
Qxa1 22. Bf1 d5 23. Rh4 dxe4 24. Rxe4 Nf6 25. Rg4 hxg4 26. fxg4 Rh1 27. Ke1 Bf3
28. Kf2 Bxg4 29. Bg2 Rh4 30. Ba3 Qd4+ 31. Kg3 Rh5 32. d3 Qe3+ 33. Bf3 Qxf3# 0-1

[Event "Challenge"]
[Site "http://www.queenalice.com/game.php?id=158804"]
[Date "2007.1.25"]
[Round "-"]
[White "maiasegala"]
[Black "pinga"]
[Result "1-0"]
[WhiteElo "1531"]
[BlackElo "1155"]

1. e4 c6 2. Qh5 Nh6 3. Bc4 b5 4. Bb3 Qa5 5. Nc3 g6 6. Qf3 g5 7. d3 b4 8. Nce2 g4
9. Qf4 f5 10. Bd2 Bg7 11. a3 Qe5 12. axb4 Qxb2 13. Ra2 Qf6 14. e5 Qg6 15. Qg5
Bxe5 16. Qxh6 Na6 17. b5 cxb5 18. Qh4 Nc5 19. Bd5 Qf6 20. Qh5+ Kd8 21. Ba5+ Bc7
22. Bc3 Qg6 23. Nf4 1-0

[Event "Challenge"]
[Site "http://www.queenalice.com/game.php?id=159208"]
[Date "2007.1.26"]
[Round "-"]
[White "Wagninho"]
[Black "maiasegala"]
[Result "0-1"]
[WhiteElo "896"]
[BlackElo "1574"]

1. e4 e5 2. Nf3 Bc5 3. Nxe5 Qh4 4. g3 Qxe4+ 5. Qe2 Qxh1 6. Qc4 Nh6 7. Qxc5 d6 8.
Qe3 dxe5 9. Qxe5+ Be6 10. Qxc7 O-O 11. b4 Bg4 12. Bb2 Re8+ 13. Be5 f6 14. Nc3
fxe5 15. Ne2 Na6 16. Qc4+ Re6 17. h3 Bxh3 18. Ng1 Qxg1 19. Ke2 Bg4+ 20. Ke1 Rf8
21. Qb5 Qxf2# 0-1

[Event "Challenge"]
[Site "http://www.queenalice.com/game.php?id=159233"]
[Date "2007.1.26"]
[Round "-"]
[White "maiasegala"]
[Black "Imazava"]
[Result "0-1"]
[WhiteElo "1574"]
[BlackElo "1307"]

1. e4 e5 2. Qh5 g6 3. Qxe5+ Be7 4. Qxh8 Kf8 5. Bc4 Bc5 6. Qxh7 Qf6 7. Nh3 d5 8.
Bxd5 Bxh3 9. gxh3 Bxf2+ 10. Ke2 Na6 11. e5 Qf5 12. Rf1 Re8 13. Rxf2 Qxe5+ 14.
Kf1 Qxd5 15. Nc3 Qh1# 0-1

[Event "Challenge"]
[Site "http://www.queenalice.com/game.php?id=159244"]
[Date "2007.1.26"]
[Round "-"]
[White "maiasegala"]
[Black "Henry"]
[Result "1-0"]
[WhiteElo "1537"]
[BlackElo "1414"]

1. e4 e5 2. Qh5 g6 3. Qxe5+ Qe7 4. Qxh8 Nf6 5. Bc4 Qxe4+ 6. Ne2 Qxg2 7. Ng3 Qc6
8. b3 d5 9. Ba3 Nbd7 10. Bd3 Nc5 11. Bxc5 Qxc5 12. Qxf6 Be6 13. Nc3 Be7 14. Qh8+
Bf8 15. Bb5+ c6 16. d4 Qd6 17. Qe5 Qb4 18. Ne2 cxb5 19. a3 Qa5 20. b4 Qb6 21.
Nxd5 Qd6 22. Nc7+ Kd7 23. Nxa8 Qxe5 24. dxe5 Kc8 25. Rd1 Be7 26. Nd4 Kb8 27.
Nxe6 Kxa8 28. Nc7+ Kb8 29. Rd7 Bh4 30. Rxf7 h5 31. Rg1 g5 32. e6 g4 33. Nd5 a6
34. e7 Bxe7 35. Rxe7 1-0

[Event "Challenge"]
[Site "http://www.queenalice.com/game.php?id=161306"]
[Date "2007.1.30"]
[Round "-"]
[White "maiasegala"]
[Black "Chessmaster"]
[Result "0-1"]
[WhiteElo "1532"]
[BlackElo "1523"]

1. e4 Nc6 2. Na3 d5 3. Qh5 Nf6 4. Qf3 dxe4 5. Qf4 e6 6. Nb5 Bd6 7. Qg5 O-O 8. d3
h6 9. Qh4 Bb4+ 10. c3 exd3 11. cxb4 d2+ 12. Bxd2 a6 13. Nc3 Nd4 14. Bd3 b6 15.
Ne4 Nf5 16. Nxf6+ Kh8 17. Bxf5 exf5 18. Bc3 Bb7 19. Rd1 Qe7+ 20. Ne2 Bxg2 21.
Rd7 Qe6 22. Rxc7 Bf3 23. O-O Bxe2 24. Re1 Rad8 25. Nh5 Qg6+ 26. Ng3 Bg4 27. Kf1
Qd6 28. Nxf5 Qd3+ 29. Kg2 Qf3+ 30. Kf1 Bh3+ 31. Qxh3 Qxh3+ 32. Kg1 Qxf5 33. Rce7
Rd6 34. R7e5 Rg6+ 35. Kf1 Qh3+ 36. Ke2 f6 37. Re3 Qg4+ 38. Kf1 Rd8 39. h3 Qc4+
40. R3e2 Rd5 41. h4 Rh5 42. b3 Qd3 43. b5 Qh3# 0-1

[Event "Challenge"]
[Site "http://www.queenalice.com/game.php?id=161813"]
[Date "2007.1.31"]
[Round "-"]
[White "Chazam"]
[Black "maiasegala"]
[Result "1-0"]
[WhiteElo "1542"]
[BlackElo "1551"]

1. f4 e6 2. Nf3 Nh6 3. e4 Qf6 4. d3 Bc5 5. d4 Bb4+ 6. Bd2 c5 7. e5 Qxf4 8. Bxb4
cxb4 9. g3 Qe3+ 10. Qe2 Ng4 11. Qxe3 Nxe3 12. Bd3 Nc6 13. Nbd2 Ng2+ 14. Kf2 Nh4
15. Nxh4 g5 16. Nhf3 Rg8 17. Bxh7 g4 18. Bxg8 gxf3 19. Nxf3 Kf8 20. Bh7 Kg7 21.
Ng5 b6 22. b3 Ba6 23. Rae1 Kh6 24. h4 Nxd4 25. Re4 Nxc2 26. Rf4 Kg7 27. Rxf7+
1-0

[Event "Challenge"]
[Site "http://www.queenalice.com/game.php?id=161815"]
[Date "2007.1.31"]
[Round "-"]
[White "Wagninho"]
[Black "maiasegala"]
[Result "0-1"]
[WhiteElo "883"]
[BlackElo "1537"]

1. e4 Nc6 2. Qh5 Nh6 3. e5 e6 4. Na3 Bc5 5. d3 d6 6. Bg5 g6 7. Qh4 Nf5 8. Qg4 f6
9. Bh4 Nxe5 10. Qh3 g5 11. Bg3 h5 12. f3 h4 13. Bf2 Rg8 14. f4 g4 15. fxe5 gxh3
16. exf6 Qxf6 17. Nb5 Bb6 18. Be2 Qxb2 19. Bh5+ Kf8 20. Nf3 Qxa1+ 21. Ke2 Qxh1
22. Bxb6 axb6 23. Nxc7 Rxa2 24. Ne8 hxg2 25. Nf6 Rxc2+ 26. Nd2 g1=Q 27. Be8
Qhg2# 0-1

[Event "Challenge"]
[Site "http://www.queenalice.com/game.php?id=199563"]
[Date "2007.4.20"]
[Round "-"]
[White "Wagninho"]
[Black "maiasegala"]
[Result "0-1"]
[WhiteElo "999"]
[BlackElo "1532"]

1. e4 e5 2. c4 Bc5 3. Nf3 Qf6 4. Qa4 b5 5. Qa5 Nc6 6. Qxc7 b4 7. d4 exd4 8. Nfd2
d3 9. Nb3 Qxf2+ 10. Kd1 Bb6 11. Qxc6 dxc6 12. Bxd3 Bg4+ 13. Be2 Qxe2# 0-1

[Event "Challenge"]
[Site "http://www.queenalice.com/game.php?id=199572"]
[Date "2007.4.20"]
[Round "-"]
[White "maiasegala"]
[Black "Wagninho"]
[Result "1-0"]
[WhiteElo "1532"]
[BlackElo "999"]

1. e4 e5 2. Qh5 Nf6 3. Qf3 Nc6 4. Na3 Nd4 5. Qc3 Ne6 6. Qxe5 d6 7. Qb5+ Bd7 8.
Qxb7 Nxe4 9. Qxe4 Rb8 10. Nb5 a6 11. Nd4 Be7 12. Nc6 Qc8 13. Nxb8 Qxb8 14. Bxa6
Qa8 15. Qxa8+ Bc8 16. Qxc8+ Nd8 17. Qxc7 Ne6 18. Bb5+ Kf8 19. Qd7 Bf6 20. Qe8#
1-0

[Event "Challenge"]
[Site "http://www.queenalice.com/game.php?id=222569"]
[Date "2007.6.8"]
[Round "-"]
[White "Wagninho"]
[Black "maiasegala"]
[Result "0-1"]
[WhiteElo "999"]
[BlackElo "1516"]

1. e4 e5 2. Qe2 Na6 3. Qb5 c6 4. Qxe5+ Qe7 5. Qxe7+ Bxe7 6. Nc3 Nf6 7. Nf3 d6 8.
Nh4 Ng4 9. Nf5 Nb4 10. Nxg7+ Kf8 11. h3 Nxc2+ 12. Kd1 Nxa1 13. hxg4 Bxg4+ 14.
Ne2 Kxg7 15. Rh4 f5 16. Rxg4+ fxg4 17. Ng3 Rhf8 18. Nh5+ Kg6 19. Ng3 Rxf2 20.
Bc4 Bh4 21. Ne2 Re8 22. Nd4 Rxe4 23. Nb3 Rxc4 24. Nxa1 Rxg2 25. Nb3 Rf4 26. Na5
Rf1+ 27. Kc2 g3 28. Nxb7 Re2 29. Nxd6 g2 30. Nb5 cxb5 31. b4 g1=Q 32. Bb2 Rb1
33. Kb3 Rxd2 34. a3 Qg4 0-1